000 00240nam a2200097Ia 4500
008 220204s9999 xx 000 0 und d
082 _a621
_bDIC
245 0 _aMachine technology. 4 Series
260 _aBombay
_bTaraporevala
_c1969
942 _cBK
999 _c27562
_d27562